South African Labour Law / (Record no. 667)

MARC details
000 -LEADER
fixed length control field 00529nam a22001697a 4500
005 - DATE AND TIME OF INPUT
control field 20231115102200.0
008 - DATA ELEMENTS--GENERAL INFORMATION
fixed length control field 231115b |||||||| |||| 00| 0 eng d
020 ## - INTERNATIONAL STANDARD BOOK NUMBER
International Standard Book Number 9780702132643
041 ## - LANGUAGE CODE
Language code of text English
082 ## - SHELF NUMBER
DDC number 344.1 THO
100 ## - MAIN AUTHOR
Main author's name Thompson, C and Benjamin, P
Language of a work English
245 ## - TITLE STATEMENT
Title South African Labour Law /
Statement of responsibility, etc. C Thompson and P Benjamin
260 ## - PUBLICATION, DISTRIBUTION, ETC.
Place of publication, distribution, etc. Cape Town :
Name of publisher, distributor, etc. Juta and Company Ltd,
Date of publication, distribution, etc. 2022
300 ## - PHYSICAL DESCRIPTION
Other physical details 238 pages ;
Dimensions 26 cm.
650 ## - SUBJECT`
Broad subject Legal practice
Own subject terms Law
942 ## - ADDED ENTRY ELEMENTS (KOHA)
Item type Books
942 ## - ADDED ENTRY ELEMENTS (KOHA)
-- ALISON_BN_VRIES
Holdings
Source of classification or shelving scheme Volume number (bound volume or other part) Not for loan Collection code Home library Current library Shelving location Date acquired Full call number Barcode Price effective from Koha item type
Dewey Decimal Classification Volume 1   TEXT BOOKS LAW SOCIETY OF NAMIBIA LIBRARY - WINDHOEK LAW SOCIETY OF NAMIBIA LIBRARY - WINDHOEK Labour law 11/15/2023 344.1 THO LSN/1995/9 11/15/2023 Books
Dewey Decimal Classification Volume 2   TEXT BOOKS LAW SOCIETY OF NAMIBIA LIBRARY - WINDHOEK LAW SOCIETY OF NAMIBIA LIBRARY - WINDHOEK Labour law 11/15/2023 344.1 THO LSN/1997/20 11/15/2023 Books
Dewey Decimal Classification Volume 3   TEXT BOOKS LAW SOCIETY OF NAMIBIA LIBRARY - WINDHOEK LAW SOCIETY OF NAMIBIA LIBRARY - WINDHOEK Labour law 11/15/2023 344.1 THO LSN/2010/41 11/15/2023 Books